000 00349nam a2200157 i 4500
001 bg
100 1 _aALLER, L.
245 0 _aPlanetarnye tumannosti /
_cL. Aller, U. Liller.
260 _aMoskva,
_c1971.
700 1 _aLILLER, U.
040 _cBPK
041 _apol
080 _a524
942 _cKS
008 s pl f |000 0 pol
999 _c14008
_d14008
856 _uhttp://koha.tu.koszalin.pl/cgi-bin/koha/opac-detail.pl?biblionumber=14008
_yKatalog online BPK